02145nam a2200361 i 45000010008000000030009000080050017000170070003000340080041000370200018000780400021000960720045001170800022001620800022001840800022002061000047002282450079002752500023003542640024003773000023004015201105004246550023015296550026015526550026015786550018016046550022016226550021016447000036016657100038017019100011017399520016017509990017017665232270CZ PrSKC20260429111724.0ta260420s2026 xr g 000 f cze  a9788027924653 aABG001bczeerda 7a821.162.3-3xČeská próza2Konspekt a821.162.3-312MRF a(0:82-311.6)2MRF a(0:82-312.4)2MRF1 aDobrylovský, Jiří,d1961-4aut9948510aOhavné mordy boleslavské /cJiří Dobrylovský, Jana Vitoušová aVydání první 1aBrno :bMOBA,c2026 a267 stran ;c21 cm2 aHistorická detektivka, odehrávající se osm let po bitvě u Lipan, která vlastně znamenala ukončení husitských válek.bV kališnické Mladé Boleslavi, patřící pánovi Jindřichovi z Michalovic, je před domem bohatého kupce Pavla ráno nalezen useknutý prst. Krátce nato je v městském rybníku nalezen zavražděný truhlář Štěpán. Rychtář z jeho vraždy obviní kupce Pavla, jen na základě toho, že Štěpán se kdysi ucházel o současnou Pavlovu manželku Matyldu. Kupec Pavel má však to štěstí, že je v přátelských vztazích s krajským hejtmanem Jiřím z Poděbrad. Pavlova žena Matylda se na Jiřího obrátí a on pověří vyšetřením případu rytíře Lukáše z Velyně. Velmi rychle se začne prokazovat, že obvinění kupce Pavla nelze opřít o žádné důkazy, proto Jindřich z Michalovic jmenuje svého vlastního zmocněnce rytíře Norberta z Malkova, aby na Jiřím iniciované vyšetřování dohlížel... Nakladatelská anotace. 7ačeské romány 7ahistorické romány 7adetektivní romány 9aCzech fiction 9ahistorical novels 9adetective novels1 aVitoušová, Jana4aut9207352 aNakladatelství MOBA4pbl920521 aABG508 102udc400 c34243d34243